| 000 | 01231cam a22003497a 4500 | ||
|---|---|---|---|
| 003 | CHAP | ||
| 005 | 20220329141419.0 | ||
| 008 | 971013s1983 ab r 00010 spa d | ||
| 010 | _a67768 | ||
| 011 | _a68740 | ||
| 035 | _a78213 | ||
| 040 | _cCHAP | ||
| 090 | _aTesis | ||
| 100 | 0 | 0 |
_aGuízar Nolazco, Enrique. _951520 |
| 245 | 1 | 0 | _aEstudio ecológico florístico de la vegetación del Municipio de Tejupilco, Edo. de México |
| 260 |
_aChapingo, Méx. : _bEl autor, _c1983 |
||
| 300 |
_avi, 146 h. _b: ilus. ; gráfs. ; mapas |
||
| 502 | _aTesis (Ing. Agr. Esp. en Bosques) -- UACH. Departamento de Bosques | ||
| 590 |
_aALEPH _b10 _c20130110 _lUCH01 _h1403 |
||
| 590 |
_aBATCH-UPD _b10 _c20130110 _lUCH01 _h0108 |
||
| 590 |
_aBATCH-UPD _b10 _c20130110 _lUCH01 _h1744 |
||
| 590 |
_aBATCH-UPD _b10 _c20130409 _lUCH01 _h2058 |
||
| 590 |
_aBATCH-UPD _b10 _c20130410 _lUCH01 _h1122 |
||
| 590 |
_aBATCH-UPD _b10 _c20130914 _lUCH01 _h0718 |
||
| 590 |
_aCONVERSION _b10 _c20130109 _lUCH01 _h1337 |
||
| 650 | 1 | 4 |
_aBosques _xInventarios _xMéxico (Edo.) _914260 |
| 650 | 1 | 4 |
_aBosques _zMéxico (Edo.). _914419 |
| 650 | 1 | 4 |
_aEcología forestal. _935176 |
| 901 | _aBK | ||
| 942 | _cTESIS | ||
| 949 |
_bBC _cTES _d33724000895728 _eTS1 _h19420 _i78213 _si |
||
| 999 |
_c67768 _d67768 |
||